Lord God Most High My Saviour (Record no. 15853)

MARC details
000 -LEADER
fixed length control field 00699nam a2200241 a 4500
020 ## - INTERNATIONAL STANDARD BOOK NUMBER
ISBN 9788184650068
082 00 - DEWEY DECIMAL CLASSIFICATION NUMBER
Classification number 230
Author Cutter KAW
100 ## - MAIN ENTRY--AUTHOR NAME
Author name Kawini, Ramsay Chhuanliana
245 ## - TITLE STATEMENT
Title Lord God Most High My Saviour
Sub title Theocentricity in Lukan Theology: An Exploration into the Portrayals of God in Luke-Acts
260 ## - PUBLICATION, DISTRIBUTION, ETC. (IMPRINT)
Place of publication Delhi
Name of publisher ISPCK
Year of publication 2009
300 ## - PHYSICAL DESCRIPTION
Number of Pages 312p
500 ## - GENERAL NOTE
General note includes index and biblioraphy
505 2# - FORMATTED CONTENTS NOTE
Formatted contents note Bibliography, Indices
650 ## - SUBJECT ADDED ENTRY--TOPICAL TERM
Topical Term Theology
942 ## - ADDED ENTRY ELEMENTS (KOHA)
Koha item type Books
700 1# -
-- Kawini, Ramsay Chhuanliana
Holdings
Collection code Home library Current library Date acquired Cost, normal purchase price Full call number Accession Number Koha item type
  Henry Martyn Institute Library Henry Martyn Institute Library 12/26/2012 350.00 230 KAW 023881 Books
                   Copyright © 2026 | Henry Martyn Institute | Hyderabad | TS-500052 | INDIA | Implemented by hmi.edu.in
Hit-Count:

Powered by Koha